000 03125cam a22005297i 4500
001 692
003 MYCC
005 20260205162015.0
008 240827t20242024nyu e b 001 0 eng d
020 _a9780316581295
_qhardback
020 _a0316581291
_qhardback
020 _a9780316584425
_qpaperback
020 _a0316584428
_qpaperback
040 _aIG#
_beng
_erda
_cIG#
_dOCLCO
_dYDX
_dOQX
_dHF9
_dIJ5
_dIBI
_dGP5
_dHUL
_dOCLCO
_dSINLB
_dYEQ
_dVP@
_dOCLCO
_dMWD
_dFUG
_dIUK
_dIMT
_dMNT
_dDLC
_dMYCC
082 0 4 _a006.3
_223
090 0 0 _a006.3
_dKIS
100 1 _aKissinger, Henry A.,
_d1923-2023,
_eauthor.
_1https://id.oclc.org/worldcat/entity/E39PBJdcDqQfRjpt94F4fcYHG3
245 1 0 _aGENESIS :
_bARTIFICIAL INTELLIGENCE, HOPE, AND THE HUMAN SPIRIT /
_cHenry A. Kissinger, Craig Mundie, Eric Schmidt, with Eleanor Runde ; foreword by Niall Ferguson.
250 _aFirst edition.
264 1 _aNew York :
_bLittle, Brown and Company,
_c2024.
264 4 _c©2024
300 _axxxii, 249 pages ;
_c24 cm
336 _atext
_btxt
_2rdacontent
337 _aunmediated
_bn
_2rdamedia
338 _avolume
_bnc
_2rdacarrier
504 _aIncludes bibliographical references (pages 223-239) and index.
520 _a"As it absorbs data, gains agency, and intermediates between humans and reality, AI (artificial intelligence) will help us to address enormous crises, from climate change to geopolitical conflicts to income inequality. It might well solve some of the greatest mysteries of our universe and elevate the human spirit to unimaginable heights. But it will also pose challenges on a scale and of an intensity that we have never seen--usurping our power of independent judgment and action, testing our relationship with the divine, and perhaps even spurring a new phase in human evolution. The last book of elder statesman Henry Kissinger, written with technologists Craig Mundie and Eric Schmidt, 'Genesis' charts a course between blind faith and unjustified fear as it outlines an effective strategy for navigating the age of AI."--
_cProvided by publisher.
650 0 _aArtificial intelligence.
650 0 _aSocial change.
650 0 _aTechnology
_xSocial aspects.
650 0 _aArtificial intelligence
_xPhilosophy.
650 0 _aArtificial intelligence
_xSocial aspects.
650 0 _aArtificial intelligence
_xForecasting.
650 6 _aIntelligence artificielle.
650 6 _aIntelligence artificielle
_xPhilosophie.
650 6 _aIntelligence artificielle
_xAspect social.
650 6 _aIntelligence artificielle
_xPrévision.
650 7 _aartificial intelligence.
_2aat
650 7 _aArtificial intelligence.
_2sears
650 7 _aSocial change.
_2sears
650 7 _aTechnology
_xSocial aspects.
_2sears
700 1 _aMundie, Craig,
_eauthor.
_1https://id.oclc.org/worldcat/entity/E39PCjwhP6HHRgQhjtYpHcBQMP
700 1 _aSchmidt, Eric,
_d1955 April 27-
_eauthor.
_1https://id.oclc.org/worldcat/entity/E39PBJpDRxWtJ77BbMhvwjCxXd
700 1 _aRunde, Eleanor,
_eauthor.
700 1 _aFerguson, Niall,
_ewriter of foreword.
_1https://id.oclc.org/worldcat/entity/E39PBJxrYJtyk3MprbPWwmRFrq
942 _2ddc
_cBK
999 _c692
_d692